Tilastot visalle Aasian 10 läntisintä valtiota

Klikkaa tästä pelataksesi tätä visaa!

Yleistilastot

  • Tätä visaa on pelattu 1 370 kertaa
  • Keskiarvotulos 9 / 10

Vastaustilastot

PituuspiiriValtio% Oikein
25°39'ETurkki
96%
34°15'EIsrael
93%
34°33'ESaudi-Arabia
93%
38°50'EIrak
88%
35°30'ESyyria
88%
34°55'EJordania
86%
41°30'EGeorgia
84%
41°49'EJemen
83%
35°06'ELibanon
82%
32°16'EKypros
81%

Tulosjakauma

Persentiili vastausten määrän mukaan

Jokaisen tuloksen saaneiden osuus

Tuloshistoriasi

Et ole pelannut tätä visaa